Core paediatrics : (Record no. 1684)

MARC details
000 -LEADER
fixed length control field 01202cam a22003374a 4500
001 - CONTROL NUMBER
control field 13564574
003 - CONTROL NUMBER IDENTIFIER
control field OSt
005 - DATE AND TIME OF LATEST TRANSACTION
control field 20161102141710.0
008 - FIXED-LENGTH DATA ELEMENTS--GENERAL INFORMATION
fixed length control field 040420s2003 enka b 001 0 eng c
010 ## - LIBRARY OF CONGRESS CONTROL NUMBER
LC control number 2004271821
015 ## - NATIONAL BIBLIOGRAPHY NUMBER
National bibliography number GBA3-Y1509
020 ## - INTERNATIONAL STANDARD BOOK NUMBER
International Standard Book Number 034080971X
040 ## - CATALOGING SOURCE
Original cataloging agency UKM
Transcribing agency UKM
Modifying agency DLC
042 ## - AUTHENTICATION CODE
Authentication code pcc
050 00 - LIBRARY OF CONGRESS CALL NUMBER
Classification number RJ50
Item number .R935 2003
060 00 - NATIONAL LIBRARY OF MEDICINE CALL NUMBER
Classification number 2003 M-872
060 10 - NATIONAL LIBRARY OF MEDICINE CALL NUMBER
Classification number WS 18.2
Item number R989c 2003
082 00 - DEWEY DECIMAL CLASSIFICATION NUMBER
Classification number WS18 R952c 2003
Edition number 22
100 1# - MAIN ENTRY--PERSONAL NAME
Personal name Ryan, Steven.;Jackie, Gregg; Leena Patel.
9 (RLIN) 4446
245 10 - TITLE STATEMENT
Title Core paediatrics :
Remainder of title a problem-solving approach
260 ## - PUBLICATION, DISTRIBUTION, ETC. (IMPRINT)
Place of publication, distribution, etc. London ;
Name of publisher, distributor, etc. Oxford University Press,
Date of publication, distribution, etc. 2003.
300 ## - PHYSICAL DESCRIPTION
Extent x, 438 p. :
Other physical details col. ill. ;
Dimensions 25 cm.
504 ## - BIBLIOGRAPHY, ETC. NOTE
Bibliography, etc Includes bibliographical references and index.
650 #0 - SUBJECT ADDED ENTRY--TOPICAL TERM
Topical term or geographic name as entry element Pediatrics
9 (RLIN) 4448
650 12 - SUBJECT ADDED ENTRY--TOPICAL TERM
Topical term or geographic name as entry element MCQs
9 (RLIN) 4451
856 42 - ELECTRONIC LOCATION AND ACCESS
Materials specified Publisher description
Uniform Resource Identifier http://www.loc.gov/catdir/enhancements/fy0620/2004271821-d.html
856 41 - ELECTRONIC LOCATION AND ACCESS
Materials specified Table of contents only
Uniform Resource Identifier http://www.loc.gov/catdir/enhancements/fy0620/2004271821-t.html
856 42 - ELECTRONIC LOCATION AND ACCESS
Materials specified Contributor biographical information
Uniform Resource Identifier http://www.loc.gov/catdir/enhancements/fy1302/2004271821-b.html
906 ## - LOCAL DATA ELEMENT F, LDF (RLIN)
a 7
b cbc
c pccadap
d 3
e ncip
f 20
g y-gencatlg
942 ## - ADDED ENTRY ELEMENTS (KOHA)
Source of classification or shelving scheme Other/Generic Classification Scheme
Koha item type Short Loan
Holdings
Withdrawn status Lost status Source of classification or shelving scheme Damaged status Not for loan Home library Current library Date acquired Source of acquisition Inventory number Total Checkouts Full call number Barcode Date last seen Koha item type Date last checked out
    Other/Generic Classification Scheme     MUST Main Library MUST Main Library 30/04/2015   06/27418   WS18 R952c 2003 2015-1300 30/04/2015 Short Loan  
    Other/Generic Classification Scheme     MUST Main Library MUST Main Library 09/09/2016   06/26291 2 WS18 R952c 2003 2016-4112 02/10/2019 Open Shelf 30/09/2019